03359cam a2200469 a 4500999001800000001001000018003000600028005001700034007000300051008004100054010001500095015001900110020002600129020002300155035009300178040018800271042000800459050002300467060001500490060001200505082002200517100002800539245009600567250001100663260008500674300004500759500009800804504005000902505110200952520048802054650003202542650003702574650002202611650004002633650003202673650002202705650002102727650004902748700002602797700005202823942001402875 c85788d323065733916556OCoLC20240910135753.0ta110623s2013 paua b 001 0 eng  a2011027051 aGBB1C88782bnb a9781975102081q(pbk.) a1609136950q(pbk.) a(OCoLC)733916556z(OCoLC)759179523z(OCoLC)782205544z(OCoLC)817317476z(OCoLC)880307932 aDNLM/DLCbengcDLCdNLMdYDXCPdOKNdCDXdBWXdBTCTAdSHHdVETdUKMGBdSGBdOCLCFdSDBdOCLCQdMYUKMdPHUSTdOCLCOdOCLCQdOCLCAdPBFdOCLCAdMNSdOCLCQdXO2dOCLCQdOCLCOdOCLdOCLCO apcc00aRT50.5b.T483 201300a2012 D-14410aWY 26.500a610.73223bS J I1 aSewell, Jeanne P95223410aInformatics and nursing :bopportunities and challenges /cJeanne P. Sewell, Linda Q. Thede a6th ed aPhiladelphia :bWolters Kluwer Health/Lippincott Williams & Wilkins,c℗♭2013 axii, 458 pages :billustrations ;c23 cm aRevised edition of: Informatics and nursing / Linda Q. Thede, Jeanne P. Sewell. 3rd ed. c2010 aIncludes bibliographical references and index0 aIntroduction to nursing informatics : managing healthcare information -- Software : information management -- Understanding computer concepts : common features -- Computer networks -- Professional networking -- Word processing -- Presentation software : looking professional in the spotlight -- Spreadsheets : making numbers talk -- Databases : creating information from data -- The internet : a road to health evidence-based -- Practice information -- Finding knowledge in the digital library haystack -- Mobile computing : finding knowledge in the palm -- Of your hand -- The consumer and the electronic health record -- The empowered consumer -- Interoperability at the international and national level -- Nursing documentation : is it valuable? -- The informatics discipline -- Basic electronic healthcare information systems -- Specialized electronic healthcare information systems -- Electronic healthcare system issues -- Carrying healthcare to the client -- Educational informatics : e-learning -- Administration tools for efficiency -- Informatics and research -- Legal and ethical issues aThis comprehensive text reviews the concepts and applications of nursing informatics. Starting with an introduction to nursing informatics, the contents proceed from Unit One which covers computer basics to Unit Five which examines skills and techniques for using the end product of informatics: data. Other units review the effects that the Internet is having on healthcare, the ins and outs of using personal productivity software, and informatics in the clinical area. - Publisher 0aNursing informatics9117116 0aNursingxData processing9117117 0aComputers9117118 0aElectronic digital computers97542712aNursing Informatics911711922aComputers911711822aInternet911712022aMedical Records Systems, Computerized9137911 aThede, Linda Q9230241 aThede, Linda Q.tInformatics and nursing952237 2ddccBOOK